00335nam a2200133Ia 4500003000400000008004100004040001600045082001900061100002300080245003800103260004300141300000700184650001000191GCL140319s9999 xx 000 0 eng d aGCL / cGCL04aCHb028.5bL B1 aLIBRAIRIE DU LIBAN10aSPACESHIPS / cLIBRAIRIE DU LIBAN a[S.N] : bLIBRAIRIE DU LIBAN ، c1991 a3204aSPACE